000 00677nam a2200229Ia 4500
003 OSt
005 20221005133737.0
006 a|||||r|||| 00| 0
007 ta
008 221004b |||||||| |||| 00| 0 pan d
024 _a22860
037 _cTextual
040 _aCRL
_cCRL
_bpan
041 _2pan
_apan
082 _aO153,2N38x, N0
100 _aਤਨੇਜਾ, ਵੀਣਾ ਸਿੰਧੁ
245 0 _aਚਰਨਦਾਸ ਸਿੰਧੂ ਦੇ ਨਾਟਕ
260 _c1990
650 _aਪੰਜਾਬੀ ਸਾਹਿਤ
942 _hO153,2N38x, N0
_cTEXL
_2cc
999 _c1067759
_d1067759